00643nam a2200169Ia 4500020001700000040000800017082002600025100002200051245007100073260005400144300003500198490002800233500002600261500012100287650003500408650003000443 a0618153993 : cJQJ a823 HOU 2001 A093 Or.1 aTolkien, J. R. R.14aThe two towers :bbeing the second part of The Lord of the rings / aBoston, Mass. :bHoughton Mifflin,c[2001], c1994 a352 p. :bfolded map ;c23 cm.1 aThe Lord of the rings ; aFolded map tipped in. a"The text of this edition conforms to the standard Houghton Mifflin hardcover edition published in 1988"--t.p. verso 0aMiddle Earth (Imaginary place) 0aFantasy fiction, English.